000 00290nam a2200133Ia 4500
008 191201s2011 xx 000 0 und d
100 _aGUPTA, G.S
245 0 _aManagerial Economics
250 _aRep
260 _aN. Delhi
_bTMH
_c2011
300 _a431
650 _aMBA
942 _2ddc
_cBK
999 _c5351
_d5351